000
00246nam a22001097a 4500
008
141211t xxu||||| |||| 00| 0 eng d
020
_a
9780099244929
100
_a
John Grisham
_9
954
245
_a
The Street lawyer
300
_a
359
942
_2
ddc
_c
BK
999
_c
17230
_d
17230